[Event "14th SRB-ch 2020"]
[Site "Vrnjacka Banja"]
[Date "2020.12.10"]
[Round "5.3"]
[White "Damljanovic, Branko"]
[Black "Markus, Robert"]
[Result "0-1"]
[WhiteElo "2513"]
[BlackElo "2592"]
[Annotator "TA"]
[PlyCount "116"]
[EventDate "2020.12.07"]
[EventType "tourn"]
[EventCountry "SRB"]
[SourceTitle "playchess.com"]
[Source "ChessBase"]
[SourceQuality "1"]

{[%evp 12,116,0,-10,29,18,11,29,35,-27,-21,-57,6,-22,-20,-22,-19,-12,-18,-16,-16,-16,-19,-21,0,-30,-25,-16,-25,-39,-14,-39,0,-31,-33,-34,-10,-41,-18,-11,-20,-36,-40,-60,-51,-101,-33,-96,-98,-89,-89,-86,-85,-100,-95,-100,-104,-102,-105,-93,-75,-124,-134,-124,-103,-100,-99,-99,-100,-142,-141,-154,-91,-91,-91,-91,-91,-140,-129,-133,-131,-168,-158,-155,-157,-160,-157,-169,-83,-83,-70,-63,-61,-61,-61,-70,-70,-70,-69,-74,-71,-71,-77,-83,-77,-4133,-3752]} 1. d4 Nf6 2. c4 e6 3. Nf3 b6 4. Nc3 Bb4 5. Bg5 Bb7 6. Nd2 h6 7. Bh4 Nc6 {E13: Queen's Indian/Nimzo-Indian hybrid: 4 Nc3 Bb7 5 Bg5 h6 6 Bh4 Bb4.} 8. e3 Ne7 9. Bxf6 gxf6 {[#] White has an edge.} 10. Qh5 $146 (10. Qb3 $14 Ba5 11. Qa3 Bxc3 12. Qxc3) ({Predecessor:} 10. Qb3 Ba5 11. O-O-O Nf5 12. d5 Qe7 13. Nb5 Kf8 14. Bd3 a6 15. Nc3 Nd6 16. Nde4 Bxc3 17. Qxc3 Nxe4 18. Bxe4 {½-½ (34) Bacrot,E (2705)-Dgebuadze,A (2544) Germany 2011}) 10... f5 $11 11. Be2 Ng8 (11... Bxc3 $15 12. bxc3 Bxg2) 12. Bf3 Nf6 13. Qh3 Ne4 14. Bxe4 fxe4 15. Rc1 Qg5 16. a3 Bxc3 17. Rxc3 c5 18. f4 exf3 $1 19. Nxf3 Qg7 20. O-O Rg8 21. Rc2 cxd4 22. Nxd4 a6 23. Rff2 Qg5 24. Ne2 Qg4 25. Qxg4 Rxg4 26. Nf4 Rg5 27. Rc3 Rc8 28. Rd2 Rgc5 ({Black should play} 28... b5 $1 $17 29. h4 Rgc5) 29. Rdc2 (29. Rb3 $15) 29... Be4 $17 30. Rc1 Ke7 31. b4 R5c7 32. Ne2 d6 33. Kf2 a5 34. g4 axb4 35. axb4 Ra8 36. h3 Ra2 37. Ke1 Rb2 38. c5 bxc5 39. bxc5 d5 40. Ng3 Bg2 41. e4 dxe4 (41... d4 $142 42. Rd3 Bxh3 43. Rxd4 Bxg4) 42. Ne2 Kf6 43. c6 {[#]} e3 $1 {[%mdl 576] Deflection} 44. Rxe3 Rxc6 45. Rxc6 Bxc6 {[%mdl 4096] Endgame KRB-KRN} 46. Nf4 Bb5 47. Nh5+ {[#]} Kg5 $1 48. Re5+ {[#]} Kh4 $1 49. Nf6 Kxh3 (49... Bd3 $19 {and Black stays clearly on top.} 50. Rh5+ Kg3 51. Rxh6 Kf4) 50. Ng8 Bc4 51. Nxh6 Rb1+ 52. Kd2 Rf1 53. g5 Bd5 54. Ke2 Rf4 55. Ke3 Rf3+ 56. Ke2 {Threatens to win with Rxd5!} Kg2 57. Ng4 Kg3 58. Ne3 $2 {[%mdl 8192]} (58. Nh6 $17) 58... Kf4 {Weighted Error Value: White=0.27/Black=0.11} 0-1

[Event "14th SRB-ch 2020"]
[Site "Vrnjacka Banja"]
[Date "2020.12.10"]
[Round "5.4"]
[White "Cabarkapa, Novak"]
[Black "Indjic, Aleksandar"]
[Result "0-1"]
[WhiteElo "2463"]
[BlackElo "2604"]
[Annotator "TA"]
[PlyCount "66"]
[EventDate "2020.12.07"]
[EventType "tourn"]
[EventCountry "SRB"]
[SourceTitle "playchess.com"]
[Source "ChessBase"]
[SourceQuality "1"]

{[%evp 9,66,20,27,15,18,18,25,0,0,-27,10,4,9,3,10,7,16,0,0,0,-1,-21,-13,-54,-12,-68,-54,-162,-170,-130,0,0,0,0,0,-164,-177,-218,-213,-791,-463,-742,-539,-749,-746,-713,-716,-6008,-6004,-12804,-12808,-7994,-6334,-6299,-5702,-5708,-5001,-5485,-1589]} 1. c4 e6 2. Nc3 Bb4 3. Qb3 a5 4. a3 Bxc3 5. Qxc3 Nf6 6. b3 {A13: English Opening: 1...e6.} O-O 7. Bb2 d6 8. g3 {[#] White has an edge.} e5 $146 ({Predecessor:} 8... Bd7 9. Bg2 Bc6 10. Nf3 Nbd7 11. O-O Qb8 12. d4 b5 13. d5 exd5 14. Nd4 b4 15. axb4 axb4 {1-0 (26) Kosten,A (2510)-Felsberger,A (2420) Velden 1994}) 9. d4 Nc6 10. dxe5 dxe5 11. Bg2 Re8 12. Nf3 Bg4 13. h3 Bxf3 14. Qxf3 Nd4 15. Qc3 c5 16. a4 ({Much worse is} 16. Bxb7 Rb8 $17) 16... Ra6 17. Ba3 ({Better is} 17. e3 $11) 17... Qc8 18. g4 (18. Ra2 $15) 18... Rb6 $19 19. Rb1 Nxg4 (19... e4 $17 {Hoping for ...e3!} 20. Rb2 Rd8) 20. hxg4 $11 Qxg4 {[%csl Gd4][%cal Rg4e2]} 21. Bf3 Qf5 22. Rb2 $2 (22. Kd2 $1 $11 e4 23. Qe3) 22... e4 $19 {[%mdl 1024] Black has strong compensation.} 23. Bg2 {[#] Black must now prevent Qh3.} ({Wrong is} 23. Qxa5 $2 exf3 24. Qxc5 Qe4 $1 $19 {[%mdl 512]}) 23... Qg5 $1 24. Kf1 $2 (24. Bxc5 Qxc5 25. e3) 24... e3 {Black is clearly winning.} 25. Bd5 (25. Bxc5 $142 Qxc5 26. Bd5) 25... Qf4 {[%csl Ge3][%cal Rf4f2]} 26. Ke1 exf2+ 27. Kf1 Rg6 28. e4 Qg4 {[%csl Gg6][%cal Rg4g2]} 29. Bxf7+ Kxf7 {[%csl Gg6][%cal Rg4g2]} 30. Rxf2+ Kg8 31. Qd3 b6 32. Bb2 Rxe4 {( -> ...Re3!)} 33. Bc3 Rf4 {Weighted Error Value: White=1.03/Black=0.33} (33... h6 $142 34. Bxd4 Rxd4) 0-1

[Event "14th SRB-ch 2020"]
[Site "Vrnjacka Banja"]
[Date "2020.12.10"]
[Round "5.5"]
[White "Todorovic, Goran M"]
[Black "Perunovic, Milos"]
[Result "1/2-1/2"]
[WhiteElo "2417"]
[BlackElo "2576"]
[Annotator "TA"]
[PlyCount "87"]
[EventDate "2020.12.07"]
[EventType "tourn"]
[EventCountry "SRB"]
[SourceTitle "playchess.com"]
[Source "ChessBase"]
[SourceQuality "1"]

{[%evp 27,87,0,12,14,9,13,45,0,35,0,16,-49,0,0,24,10,11,7,26,-144,-75,-168,-50,-55,-31,-32,-17,-32,-17,-28,83,96,92,83,89,96,98,70,70,70,93,63,57,56,56,70,71,67,45,43,88,81,93,8,8,21,14,0,0,0,4,0]} 1. e4 c5 2. Nf3 e6 3. d4 cxd4 4. Nxd4 Nf6 5. Nc3 Nc6 6. Nxc6 bxc6 7. e5 Nd5 8. Ne4 Qc7 9. f4 Qb6 10. c4 Bb4+ 11. Ke2 f5 12. Nf2 Ba6 13. Kf3 Ne7 14. Be3 Bc5 15. Bxc5 {B45: Sicilian Four Knights.} Qxc5 16. Qd6 Qb6 17. Rd1 {White is slightly better.} Rd8 18. b4 {[#]} c5 $146 ({Predecessor:} 18... Bb7 19. Qc5 Nc8 20. Be2 d6 21. exd6 Rxd6 22. Rxd6 Nxd6 23. Qe5 c5+ 24. Kg3 Nf7 25. Qxc5 Qxc5 26. bxc5 {1-0 (36) Samhouri,A (2336)-Ayyad,M (2137) Doha 2006}) 19. bxc5 (19. Kg3 $11) 19... Bb7+ 20. Kg3 Qb2 21. Rd2 Qc3+ 22. Qd3 Qa5 23. Qd6 $2 {[#]} (23. h4 $11) 23... g5 $1 {[%mdl 512]} 24. fxg5 {[#]} (24. Be2 $17) 24... Qc3+ ({Black should try} 24... f4+ $1 $19 {[%mdl 512]} 25. Kg4 (25. Kxf4 Qc3) 25... Nf5) 25. Rd3 $15 Qe1 26. Qd4 $1 f4+ 27. Kh3 {Strongly threatening Rb3.} (27. Qxf4 h6 $19) 27... h6 28. g6 $1 {Black must now prevent Rb3.} Nxg6 (28... O-O $1 $11 29. Rd1 Qe3+ 30. Qxe3 fxe3) 29. Rb3 $36 {[%mdl 2048] White is in control.} O-O {[#] aiming for ...Rf5.} 30. Bd3 $1 {[%mdl 64] Discovered Attack} (30. Rxb7 Rf5 $15) 30... Qe3+ 31. Qxe3 fxe3 32. Bxg6 ({But not} 32. Rxb7 $6 Nf4+ 33. Kg3 exf2 $11) 32... exf2 33. Rf1 $1 Ba6 34. Rf3 Rxf3+ 35. gxf3 $14 {[%mdl 4096] Endgame KRB-KRB} Rc8 36. Rxf2 Rxc5 37. Rd2 Bxc4 38. Rxd7 Rxe5 39. Rxa7 Bd5 40. f4 ({White should play} 40. a4 $16) 40... Re3+ $11 {The position is equal.} 41. Kg4 Re2 42. h4 {Threatens to win with Kh5.} Rxa2 43. Rc7 Ra4 44. Re7 {Weighted Error Value: White=0.29/Black=0.22} 1/2-1/2

[Event "14th SRB-ch 2020"]
[Site "Vrnjacka Banja"]
[Date "2020.12.11"]
[Round "6.1"]
[White "Lajthajm, Borko"]
[Black "Perunovic, Milos"]
[Result "1/2-1/2"]
[WhiteElo "2383"]
[BlackElo "2576"]
[Annotator "TA"]
[PlyCount "84"]
[EventDate "2020.12.07"]
[EventType "tourn"]
[EventCountry "SRB"]
[SourceTitle "playchess.com"]
[Source "ChessBase"]
[SourceQuality "1"]

{[%evp 22,84,1,6,17,0,0,-9,17,3,18,-3,-4,-17,-8,-7,0,-5,0,-7,-3,-12,0,-18,-18,-18,-18,-18,-15,-12,-17,-22,-18,-53,-18,-15,-12,-26,-26,-35,-26,-30,-26,-26,-26,-38,-35,-38,-25,-25,0,-108,-26,-26,-26,-26,-26,-38,-40,-41,-33,-26,0,-46,-27]} 1. e4 c5 2. c3 Nf6 3. e5 Nd5 4. Nf3 Nc6 5. Bc4 Nb6 6. Bb3 d5 7. exd6 Qxd6 8. Na3 a6 9. O-O Bf5 10. d4 cxd4 11. Nxd4 Nxd4 12. cxd4 {next Qf3 is good for White.} e6 {B22: Sicilian: 2 c3.} 13. Qf3 Qd7 ({Not} 13... Qxd4 $2 14. Be3 $18) 14. Nc2 Bd6 {The position is equal.} 15. Ne3 Bg6 16. Ng4 O-O 17. Ne5 Bxe5 18. dxe5 Rac8 {[%cal Ba8c8,Bc8c4,Bc4e4][%mdl 32] [#]} 19. Be3 $146 ({Predecessor:} 19. Rd1 Qc6 20. Qxc6 Rxc6 21. Be3 Nc4 22. Bxc4 Rxc4 23. Rac1 Rxc1 24. Rxc1 f6 25. exf6 gxf6 26. Rd1 Be4 27. Bh6 Rc8 {½-½ (27) Gombkoetoe,O-Berggreen,A ICCF corr 1999}) 19... Nc4 20. Bxc4 Rxc4 21. Rfc1 Re4 22. Bc5 Rc8 23. Bd6 h6 24. h3 Rec4 25. Rxc4 Rxc4 26. b3 Rc2 27. a4 Qc8 28. b4 Qc4 29. a5 Be4 30. Qg3 Bd5 31. Re1 Rd2 32. Bc5 Rd3 33. Qg4 Qc3 34. Qe2 Rd2 35. Qe3 Rd3 36. Qc1 {[#]} (36. Qe2 $1 $11) 36... Qb3 ({Black should try} 36... Rxh3 $1 $17 {[%mdl 512] ( -> ...Rh1+!)} 37. Be3 (37. gxh3 $2 Qxh3 38. f3 Qxf3 $19) 37... Qxc1 38. Rxc1 Rh4) 37. Kh2 Bc6 38. Qf4 Qd5 {[%csl Gc6][%cal Rd5g2]} 39. Qg4 Rc3 40. Be7 Rc4 41. Qg3 {[#]} Rc3 $1 {[%mdl 512]} 42. Qg4 (42. Qxc3 Qxg2#) 42... Kh7 {Weighted Error Value: White=0.13/Black=0.09} 1/2-1/2

[Event "14th SRB-ch 2020"]
[Site "Vrnjacka Banja"]
[Date "2020.12.11"]
[Round "6.2"]
[White "Indjic, Aleksandar"]
[Black "Todorovic, Goran M"]
[Result "1-0"]
[WhiteElo "2604"]
[BlackElo "2417"]
[Annotator "TA"]
[PlyCount "53"]
[EventDate "2020.12.07"]
[EventType "tourn"]
[EventCountry "SRB"]
[SourceTitle "playchess.com"]
[Source "ChessBase"]
[SourceQuality "1"]

{[%evp 10,53,16,12,16,29,36,36,37,30,41,33,39,39,45,31,42,12,36,19,37,16,14,0,0,0,74,42,40,37,281,301,284,302,292,276,360,362,435,435,472,463,449,433,428,414]} 1. d4 d5 2. c4 e6 3. Nf3 Nf6 4. Nc3 c6 5. Qb3 dxc4 6. Qxc4 b6 {D43: Semi-Slav: 5 Bg5 h6.} 7. e4 $5 {[%mdl 4] An interesting side line.} Ba6 8. Qb3 Bxf1 {White is slightly better.} 9. Kxf1 Be7 10. g3 {[#]} O-O $146 ({Predecessor:} 10... Nbd7 11. Kg2 O-O 12. Re1 Re8 13. Bf4 Qc8 14. Rad1 Qb7 15. h3 Rac8 16. g4 Bf8 {0-1 (62) Alburt,L (2505)-Sveshnikov,E (2520) Leningrad 1977}) 11. Kg2 b5 12. Re1 a5 13. Bg5 Na6 14. Rad1 h6 15. Bxf6 (15. Be3 {with more complications.} Qc7 16. Ne5 Bd6 17. Nd3 Ng4 18. Bc1) 15... Bxf6 16. d5 {[#] e5 is the strong threat.} exd5 17. exd5 Bxc3 (17... a4 $1 $11 {keeps the balance.} 18. Qc2 Nb4 {[%mdl 64] Double Attack}) 18. Qxc3 (18. dxc6 $5 {[%cal Rd1d8]} Bxe1 19. Rxd8 Rfxd8 20. Nxe1 $14) 18... cxd5 19. Nd4 $36 {[%mdl 2048] White has some pressure.} Rc8 $2 {[#] Black cannot hold the game after this.} ({Better is} 19... b4 $14 20. Qf3 Nc7) 20. Nc6 $1 $18 Rxc6 ({Don't play} 20... b4 21. Ne7+ (21. Qc1 Qd7 $18) 21... Qxe7 22. Qxc8 $18) 21. Qxc6 {[%mdl 64] Double Attack} Nc7 22. Qc5 d4 23. Qxd4 ({Not} 23. Rxd4 Qa8+ 24. Kg1 Ne6 $16) 23... Qa8+ 24. Qe4 {White is clearly winning.} Qa6 25. Rd7 Qb6 26. Rc1 Ne6 {Now ...Nc5 and Black clings on.} 27. Rc6 {Weighted Error Value: White=0.08/Black=0.35} 1-0

[Event "14th SRB-ch 2020"]
[Site "Vrnjacka Banja"]
[Date "2020.12.11"]
[Round "6.3"]
[White "Markus, Robert"]
[Black "Cabarkapa, Novak"]
[Result "0-1"]
[WhiteElo "2592"]
[BlackElo "2463"]
[Annotator "TA"]
[PlyCount "116"]
[EventDate "2020.12.07"]
[EventType "tourn"]
[EventCountry "SRB"]
[SourceTitle "playchess.com"]
[Source "ChessBase"]
[SourceQuality "1"]

{[%evp 12,116,0,-7,31,29,44,43,30,-36,-40,-72,0,-26,-26,-23,-23,-26,-27,-20,-21,-18,-15,-21,14,-26,-28,-25,-28,-29,-30,-30,0,-32,-31,-44,-3,-51,-33,-25,-31,-49,-51,-43,-39,-111,-47,-89,-89,-91,-86,-81,-80,-102,-102,-100,-89,-122,-110,-83,-74,-131,-123,-112,-92,-100,-101,-93,-62,-154,-143,-156,-81,-81,-71,-87,-92,-127,-125,-136,-113,-158,-157,-158,-158,-151,-158,-175,-83,-83,-48,-56,-48,-48,-48,-64,-64,-62,-59,-71,-78,-78,-74,-91,-76,-5065,-5065]} 1. d4 Nf6 2. c4 e6 3. Nf3 b6 4. Nc3 Bb4 5. Bg5 Bb7 6. Nd2 h6 7. Bh4 Nc6 {E13: Queen's Indian/Nimzo-Indian hybrid: 4 Nc3 Bb7 5 Bg5 h6 6 Bh4 Bb4.} 8. e3 Ne7 9. Bxf6 gxf6 {[#] White is slightly better.} 10. Qh5 $146 (10. Qb3 $11 Ba5 11. O-O-O) ({Predecessor:} 10. Qb3 Ba5 11. O-O-O Nf5 12. d5 Qe7 13. Nb5 Kf8 14. Bd3 a6 15. Nc3 Nd6 16. Nde4 Bxc3 17. Qxc3 Nxe4 18. Bxe4 {½-½ (34) Bacrot,E (2705)-Dgebuadze,A (2544) Germany 2011}) 10... f5 $15 11. Be2 Ng8 (11... Bxg2 $17 12. Rg1 Bb7) 12. Bf3 Nf6 13. Qh3 Ne4 14. Bxe4 fxe4 15. Rc1 Qg5 16. a3 Bxc3 17. Rxc3 c5 18. f4 exf3 $1 19. Nxf3 Qg7 20. O-O Rg8 21. Rc2 cxd4 22. Nxd4 a6 23. Rff2 Qg5 24. Ne2 (24. Rce2 {looks sharper.} Rc8 25. Nf3 Qg7 26. b3 f5 27. Nd2) 24... Qg4 25. Qxg4 Rxg4 26. Nf4 Rg5 27. Rc3 Rc8 28. Rd2 (28. Ne2 $15) 28... Rgc5 (28... b5 $1 $17 29. h4 Rgc5) 29. Rdc2 Be4 30. Rc1 Ke7 31. b4 R5c7 32. Ne2 d6 33. Kf2 a5 34. g4 axb4 35. axb4 Ra8 36. h3 ({White should try} 36. Kg3) 36... Ra2 $17 37. Ke1 Rb2 38. c5 bxc5 39. bxc5 d5 40. Ng3 (40. c6 $15) 40... Bg2 41. e4 dxe4 (41... d4 $142 42. Rd3 Bxh3 43. Rxd4 Bxg4) 42. Ne2 Kf6 43. c6 {[#]} e3 $1 {[%mdl 576] Deflection} 44. Rxe3 Rxc6 {aiming for ...Rxe2+!} 45. Rxc6 Bxc6 {[%mdl 4096] Endgame KRB-KRN} 46. Nf4 Bb5 47. Nh5+ {[#]} Kg5 $1 48. Re5+ {[#]} Kh4 $1 49. Nf6 Kxh3 (49... Bd3 $19 50. Nd7 Bg6) 50. Ng8 Bc4 {Strongly threatening ...Rb5.} 51. Nxh6 Rb1+ 52. Kd2 Rf1 53. g5 Bd5 54. Ke2 Rf4 55. Ke3 Rf3+ 56. Ke2 {Hoping for Rxd5!} Kg2 57. Ng4 Kg3 58. Ne3 $2 {[%mdl 8192]} (58. Nh6 $17) 58... Kf4 {Weighted Error Value: White=0.29/Black=0.12} 0-1

[Event "14th SRB-ch 2020"]
[Site "Vrnjacka Banja"]
[Date "2020.12.11"]
[Round "6.4"]
[White "Kovacevic, Aleksandar"]
[Black "Damljanovic, Branko"]
[Result "1/2-1/2"]
[WhiteElo "2480"]
[BlackElo "2513"]
[Annotator "TA"]
[PlyCount "64"]
[EventDate "2020.12.07"]
[EventType "tourn"]
[EventCountry "SRB"]
[SourceTitle "playchess.com"]
[Source "ChessBase"]
[SourceQuality "1"]

{[%evp 18,64,22,14,18,10,35,12,10,0,0,0,0,0,0,-4,0,0,10,0,0,-8,20,0,0,0,0,-11,0,0,0,-4,0,-4,26,26,20,14,18,0,0,0,0,0,0,0,0,0,0]} 1. e4 e5 2. Nf3 Nc6 3. Bb5 Nf6 4. O-O Nxe4 5. Re1 Nd6 6. Nxe5 Nxe5 7. Rxe5+ Be7 8. Bf1 O-O 9. d4 Bf6 10. Re1 Nf5 {C67: Ruy Lopez: Berlin Defence: 4 0-0 Nxe4.} 11. d5 d6 12. c3 Ne7 13. Qb3 a5 14. a4 c6 {[#]} 15. dxc6 $146 ({Predecessor:} 15. c4 Nf5 16. Nd2 Nd4 17. Qd1 Bf5 18. Ne4 Be5 19. Bd3 Qb6 20. Be3 Bxe4 21. Bxe4 {1-0 (40) Lingur,Z (2023)-Harutyunyan,A (1884) Budva 2013}) 15... bxc6 16. Nd2 {[%cal Bb1d2,Bd2f3,Bf3e5][%mdl 32]} d5 17. Nf3 Bg4 18. Ne5 Be6 19. Bf4 Qc8 20. Nd3 Ng6 {Hoping for ...c5.} 21. Bd6 Rd8 22. Qa3 d4 23. Rac1 dxc3 24. bxc3 Bc4 {[#] And now ...c5! would win.} 25. Qc5 Qd7 26. Qxc4 {Black must now prevent Bg3.} Qxd6 27. g3 {The position is equal.} Qd5 28. Re4 Rab8 29. h4 Qxc4 30. Rxc4 Rxd3 {[%mdl 64] [#] Remove Defender, Decoy} 31. Bxd3 Ne5 {[%mdl 64] Double Attack} 32. Rd4 {Threatens to win with Be2.} Nf3+ {[%mdl 64] Double Attack. An uneventful encounter.  Weighted Error Value: White=0.05/Black=0.05} 1/2-1/2

[Event "14th SRB-ch 2020"]
[Site "Vrnjacka Banja"]
[Date "2020.12.11"]
[Round "6.5"]
[White "Budisavljevic, Luka"]
[Black "Ivanisevic, Ivan"]
[Result "1-0"]
[WhiteElo "2492"]
[BlackElo "2608"]
[Annotator "TA"]
[PlyCount "67"]
[EventDate "2020.12.07"]
[EventType "tourn"]
[EventCountry "SRB"]
[SourceTitle "playchess.com"]
[Source "ChessBase"]
[SourceQuality "1"]

{[%evp 17,67,39,35,31,36,34,29,27,22,-5,53,53,55,55,55,55,55,55,55,55,57,57,51,41,34,39,55,55,56,46,152,152,153,164,715,676,754,737,755,701,1032,1007,1075,1072,985,804,804,777,899,847,854,830]} 1. d4 Nf6 2. c4 d6 3. Nc3 Nbd7 4. e4 e5 5. Nf3 g6 6. Be2 Bg7 7. Be3 O-O 8. d5 $1 {[%mdl 4] is currently scoring better than 8.0-0.} Ng4 9. Bg5 f6 10. Bd2 {E93: King's Indian: Classical: Petrosian System with 7...Nbd7.} f5 11. exf5 gxf5 12. Ng5 {Hoping for Ne6.White has an edge.} Nc5 {[#]} 13. Bxg4 $146 ({Predecessor (2):} 13. h3 h6 14. hxg4 hxg5 15. Be3 e4 16. Qc2 fxg4 17. O-O-O Qe8 18. Bxc5 dxc5 19. Nxe4 {1-0 (30) Ognean,M (2287)-Van Dael,S (2319) Pardubice 2019}) 13... Nd3+ (13... fxg4 $11 14. O-O a5) 14. Ke2 $14 Nf4+ 15. Bxf4 exf4 16. Bf3 {[#] And now Nh3 would win.} Qxg5 17. Re1 Bd7 18. Kf1 a6 19. Rc1 Kh8 20. b3 Rg8 21. Ne2 Qh4 22. h3 Be5 23. Rc2 b5 {[#]} ({Black should play} 23... Qf6 $14) 24. cxb5 $1 $16 Bxb5 {White must now prevent ...Rxg2!} 25. a4 {[%cal Ba2a4,Ba4b5][%mdl 32]} Rxg2 $2 (25... Bxe2+ 26. Qxe2 (26. Rexe2 Rg7 $16) 26... Rg7) 26. Bxg2 $18 {White is clearly winning.} (26. Kxg2 $2 {loses.} Rg8+ 27. Ng3 fxg3 $19) 26... f3 27. axb5 fxg2+ 28. Kg1 ({And not} 28. Kxg2 Rg8+ 29. Ng3 Bxg3 $11) 28... f4 29. Qd3 Qh5 30. Nd4 axb5 31. Qf5 Qxf5 32. Nxf5 f3 33. Nh4 Rf8 34. Re3 {Weighted Error Value: White=0.04/Black=0.22} 1-0

[Event "14th SRB-ch 2020"]
[Site "Vrnjacka Banja"]
[Date "2020.12.11"]
[Round "7.1"]
[White "Ivanisevic, Ivan"]
[Black "Lajthajm, Borko"]
[Result "1-0"]
[WhiteElo "2608"]
[BlackElo "2383"]
[Annotator "TA"]
[PlyCount "97"]
[EventDate "2020.12.07"]
[EventType "tourn"]
[EventCountry "SRB"]
[SourceTitle "playchess.com"]
[Source "ChessBase"]
[SourceQuality "1"]

{[%evp 9,97,-8,18,17,13,0,25,12,43,24,64,59,92,39,45,17,19,16,18,17,60,52,60,60,62,63,82,82,82,82,82,82,82,77,156,156,156,156,156,156,156,156,197,203,222,224,219,218,218,229,223,232,221,233,231,231,229,232,229,221,226,229,222,222,244,208,219,200,356,335,337,332,347,308,443,434,439,437,425,290,418,400,706,706,706,706,699,623,847,847]} 1. d4 Nf6 2. c4 e6 3. Nc3 d5 4. Nf3 Be7 5. g3 c6 6. Bg2 {E01: Catalan: Early deviations.} Nbd7 7. O-O {[#]} a5 $146 ({Predecessor:} 7... O-O 8. b3 b6 9. Re1 Ba6 10. Nd2 Rc8 11. Bb2 c5 12. dxc5 Nxc5 13. b4 Nce4 14. Ncxe4 dxe4 15. b5 Bb7 16. e3 Bb4 {0-1 (25) Dubov,D (2699)-Carlsen,M (2863) chess24.com INT 2020}) 8. Nd2 {White has an edge.} Qb6 9. c5 Qa6 10. e4 Qd3 11. exd5 ({Better is} 11. e5 $16 Ng8 12. Qa4) 11... Nxd5 $14 12. Nde4 (12. Nxd5 {seems wilder.} exd5 13. Qa4 O-O 14. Nf3 Nf6 15. Bf4) 12... Qxd1 13. Rxd1 O-O 14. Bg5 N7f6 15. Nxf6+ Nxf6 16. Na4 Bd8 17. Bf4 Nd7 {White stays focused until the end.} 18. Rd3 Re8 19. Bd6 Nf6 20. Re1 Nd5 21. Rb3 Ra7 (21... Nb4 $142) 22. Bxd5 $16 cxd5 23. Nb6 Bxb6 24. cxb6 ({But not} 24. Rxb6 $6 Bd7 $14) 24... Ra6 25. Rc1 Bd7 26. Rc7 $1 {[%csl LRb7,LRd7]} Ba4 27. Ra3 ({Weaker is} 27. Rxb7 Bxb3 28. axb3 g5 $14) 27... Rxb6 28. Bc5 ({Much less strong is} 28. Rxa4 $6 Rxd6 29. Rxb7 Ra6 $16) 28... Rc6 29. Rxb7 Bd1 30. Rxa5 e5 {[#]} 31. Re7 $1 $40 {[%cal Re7e8][%mdl 128] White attacks with force.} Rcc8 32. Rxe8+ Rxe8 33. dxe5 $18 {[%mdl 4096] Endgame KRB-KRB} f6 34. exf6 Bf3 {[%cal Re8e1] [#]} 35. Kf1 gxf6 36. Ra3 Be2+ 37. Kg2 Rb8 38. b4 Kf7 $2 (38... Rd8) 39. Ra7+ Kg6 40. a4 {[%cal Ba2a4,Ba4a5][%mdl 32]} Rd8 {Black hopes to continue with ...d4.} 41. Re7 Bd1 (41... Bc4 $142 42. Bd4 Ra8) 42. a5 d4 43. Kf1 Ba4 {intending ...d3.} 44. Ke1 Bb5 (44... Re8 $142 45. Rxe8 Bxe8 46. Bxd4 Kf7) 45. Kd2 Rd5 (45... Re8 $142 46. Rxe8 Bxe8) 46. Rb7 {White is clearly winning.} Bc4 47. Rb6 Rd7 48. a6 d3 49. Rb7 {Weighted Error Value: White=0.10/Black=0.23} 1-0

[Event "14th SRB-ch 2020"]
[Site "Vrnjacka Banja"]
[Date "2020.12.11"]
[Round "7.2"]
[White "Damljanovic, Branko"]
[Black "Budisavljevic, Luka"]
[Result "0-1"]
[WhiteElo "2513"]
[BlackElo "2492"]
[Annotator "TA"]
[PlyCount "78"]
[EventDate "2020.12.07"]
[EventType "tourn"]
[EventCountry "SRB"]
[SourceTitle "playchess.com"]
[Source "ChessBase"]
[SourceQuality "1"]

{[%evp 16,78,0,0,0,-36,-42,-33,-32,-41,-40,-61,-70,-75,-63,-58,-65,-60,-52,-78,-56,-95,-93,-104,-88,-125,-163,-138,-86,-157,-137,-130,-115,-127,-86,-83,-85,-84,-82,-85,-28,-26,-22,-27,-20,-23,-6,-6,-6,-6,-6,-6,-6,-6,-6,-7,-6,-5,-8,-70,-65,-199,-193,-620,-619]} 1. c4 e6 2. Nf3 d5 3. b3 d4 4. g3 c5 5. e3 Nc6 6. exd4 cxd4 7. Bg2 Nf6 8. O-O Bd6 9. d3 O-O {A13: English Opening: 1...e6.} 10. Na3 e5 11. Nc2 a5 {Black is slightly better.} 12. a3 h6 13. Rb1 Bg4 14. h3 Bf5 15. b4 Qd7 16. b5 {[#] g4 is the strong threat.} Nd8 $146 ({Predecessor:} 16... Ne7 17. Re1 Ng6 18. Kh2 Rfe8 19. a4 Rad8 20. Rb3 Qc8 21. Nd2 Nd7 22. g4 Be6 {0-1 (47) Bonoldi,F (2041)-Schneider,G ICCF email 2018}) 17. Re1 Re8 18. g4 Bh7 19. g5 hxg5 20. Nxg5 Bg6 21. h4 Bf5 (21... Rc8 $142 22. Bb2 b6) 22. b6 (22. f4 $142) 22... Ne6 23. Nxe6 {Hoping for Nc7!} Rxe6 24. Bg5 Nh7 {And now ...Rg6 would win.} 25. Qf3 {[%mdl 64] Double Attack} Rg6 $1 (25... Nxg5 $6 26. Qxf5 Nh7 27. c5 $16) 26. Qxb7 Qxb7 27. Bxb7 Rb8 ({Black should try} 27... Nxg5 $17 28. hxg5 Rxg5+ 29. Kh1 Rb8) 28. Be4 $11 Bxe4 (28... Nxg5 $6 29. hxg5 Rxg5+ 30. Kf1 $14) 29. Rxe4 f6 {[%mdl 64] Pin} ({Of course not} 29... Nxg5 $6 30. hxg5 f5 31. Ree1 $16) 30. Rb5 $1 fxg5 31. h5 $1 {[%cal Rh5g6]} Rh6 {Threatens to win with ...Nf6.} 32. c5 Nf6 {[%mdl 64] Double Attack} 33. Re1 {[#]} Bxc5 $1 {[%mdl 512]} 34. Rxc5 Nxh5 35. Rcxe5 {Strongly threatening Re8+.} Rbxb6 36. Nxd4 Nf4 37. Re8+ (37. Rxa5 $11 Rh3 38. Nf5 (38. Rxg5 $2 Rxd3 {[%mdl 64] Double Attack} 39. Nf3 Rxf3 $19)) 37... Kh7 $15 38. Nf3 {[#]} ({White should play} 38. R8e7 $15) 38... Rh5 $1 $19 ({Inferior is} 38... Nxd3 39. Nxg5+ Kg6 40. R1e3 $11) 39. Ne5 $2 {[#]} (39. R1e3) 39... Rbh6 $1 {Weighted Error Value: White=0.27/Black=0.07} 0-1